<?xml version="1.0" encoding="UTF-8"?>
<record
    xmlns:xsi="http://www.w3.org/2001/XMLSchema-instance"
    xsi:schemaLocation="http://www.loc.gov/MARC21/slim http://www.loc.gov/standards/marcxml/schema/MARC21slim.xsd"
    xmlns="http://www.loc.gov/MARC21/slim">

  <leader>01318nam a22002297a 4500</leader>
  <controlfield tag="008">140106t    2007MX ||||| |||| 00| 0 SPA d</controlfield>
  <datafield tag="020" ind1=" " ind2=" ">
    <subfield code="a">9788448159429</subfield>
  </datafield>
  <datafield tag="050" ind1="0" ind2="4">
    <subfield code="a">LB1028 A53 2007</subfield>
  </datafield>
  <datafield tag="100" ind1="1" ind2=" ">
    <subfield code="a">Albert G&#xF3;mez, Mar&#xED;a Jos&#xE9;</subfield>
    <subfield code="d">autor</subfield>
    <subfield code="9">547</subfield>
  </datafield>
  <datafield tag="245" ind1="1" ind2="2">
    <subfield code="a">La investigaci&#xF3;n educativa</subfield>
    <subfield code="b">: claves te&#xF3;ricas </subfield>
    <subfield code="c">Mar&#xED;a Jos&#xE9; Albert G&#xF3;mez </subfield>
  </datafield>
  <datafield tag="260" ind1=" " ind2=" ">
    <subfield code="a">Arabaca, Madrid</subfield>
    <subfield code="b">: Mc Graw Hill</subfield>
    <subfield code="c">, 2007</subfield>
  </datafield>
  <datafield tag="300" ind1=" " ind2=" ">
    <subfield code="a">xiv, 265 p&#xE1;ginas</subfield>
    <subfield code="b">: ilustraciones</subfield>
  </datafield>
  <datafield tag="337" ind1=" " ind2=" ">
    <subfield code="a">texto</subfield>
  </datafield>
  <datafield tag="338" ind1=" " ind2=" ">
    <subfield code="a">sin medio</subfield>
  </datafield>
  <datafield tag="339" ind1=" " ind2=" ">
    <subfield code="a">vol&#xFA;men</subfield>
  </datafield>
  <datafield tag="500" ind1=" " ind2=" ">
    <subfield code="a">Plan flexible 
Maestr&#xED;a en Docencia  / Formaci&#xF3;n y Pr&#xE1;ctica Docente (M03-1) / (14 003465)</subfield>
  </datafield>
  <datafield tag="504" ind1=" " ind2=" ">
    <subfield code="a">Incluye Bibliograf&#xED;a al final de cada cap&#xED;tulo</subfield>
  </datafield>
  <datafield tag="505" ind1=" " ind2=" ">
    <subfield code="a">Aspectos fundamentales sobre investigaci&#xF3;n
Metodolog&#xED;a cuantitativa de la investigaci&#xF3;n: el proceso de investigaci&#xF3;n
M&#xE9;todos de investigaci&#xF3;n cuantitativa
Instrumentos y t&#xE9;cnicas de recogida de datos desde el enfoque cuantitativo
Metodolog&#xED;a cualitativa de la investigaci&#xF3;n
El proceso de investigaci&#xF3;n cualitativa
M&#xE9;todos cualitativos de investigaci&#xF3;n
Instrumentos y recogida de datos desde el enfoque cualitativo
El reporte de la investigaci&#xF3;n
</subfield>
  </datafield>
  <datafield tag="650" ind1="1" ind2="4">
    <subfield code="a">EDUCACI&#xD3;N</subfield>
    <subfield code="x">INVESTIGACI&#xD3;N</subfield>
    <subfield code="9">548</subfield>
  </datafield>
  <datafield tag="942" ind1=" " ind2=" ">
    <subfield code="c">LB</subfield>
  </datafield>
  <datafield tag="952" ind1=" " ind2=" ">
    <subfield code="0">0</subfield>
    <subfield code="1">0</subfield>
    <subfield code="2">lcc</subfield>
    <subfield code="4">0</subfield>
    <subfield code="7">0</subfield>
    <subfield code="a">07</subfield>
    <subfield code="b">07</subfield>
    <subfield code="d">2014-01-06</subfield>
    <subfield code="l">3</subfield>
    <subfield code="o">LB1028 A53 2007</subfield>
    <subfield code="p">07 004410</subfield>
    <subfield code="r">2019-02-11</subfield>
    <subfield code="s">2019-02-05</subfield>
    <subfield code="t">1</subfield>
    <subfield code="w">2014-01-06</subfield>
    <subfield code="y">LB</subfield>
  </datafield>
  <datafield tag="952" ind1=" " ind2=" ">
    <subfield code="0">0</subfield>
    <subfield code="1">0</subfield>
    <subfield code="2">lcc</subfield>
    <subfield code="4">0</subfield>
    <subfield code="7">0</subfield>
    <subfield code="a">14</subfield>
    <subfield code="b">14</subfield>
    <subfield code="d">2014-11-26</subfield>
    <subfield code="l">0</subfield>
    <subfield code="o">LB1028 A53 2007  </subfield>
    <subfield code="p">14 005465</subfield>
    <subfield code="r">2014-11-26</subfield>
    <subfield code="t">1</subfield>
    <subfield code="w">2014-11-26</subfield>
    <subfield code="y">LB</subfield>
  </datafield>
  <datafield tag="999" ind1=" " ind2=" ">
    <subfield code="c">91599</subfield>
    <subfield code="d">91599</subfield>
  </datafield>
</record>
